Más allá del bien y del mal

保存先:
書誌詳細
フォーマット: 図書
言語:スペイン語
出版事項: Madrid Alba 1996
シリーズ:Grandes Obras de la Literatura
主題:
タグ: タグ追加
タグなし, このレコードへの初めてのタグを付けませんか!

MARC

LEADER 00000cam a2200000 a 4500
001 UCP8492
003 CL-VaPUC
008 000303e19960000SP |||||||||||||||||spa|d
020 |a 8489715734 
082 0 4 |a 193  |b NIE  |2 21 
245 1 0 |a Más allá del bien y del mal 
300 |a 190 p 
942 |c BK 
945 |d 20000303 00:00:00  |a vberengu 
260 |a Madrid  |b Alba  |c 1996 
650 0 |a Ética  |9 255099 
650 0 |a Filosofía alemana   |9 265002 
583 |a last modification  |c 20160520 09:30:11  |k Rodrigo Vera 
490 0 |a Grandes Obras de la Literatura 
999 |c 285387  |d 285385 
952 |0 0  |1 0  |4 0  |6 193_000000000000000_NIE_1996  |7 0  |8 A  |9 329970  |a BIBGIM  |b BIBGIM  |d 2019-11-20  |i 3592707  |o 193 NIE 1996  |p 3592707  |r 2025-01-15  |w 2019-11-20  |y BK  |k GIM 
952 |0 0  |1 0  |3 erd  |4 0  |6 193_000000000000000_NIE_1996  |7 0  |8 A  |9 329972  |a FDOHBE  |b FDOHBE  |e Huesbe Llanos, Marco Antonio, 1934-  |i 530492K  |o 193 NIE 1996  |p 530492K  |r 2024-01-30  |w 2019-11-20  |y BK  |z Catalogado en:20160520  |k HBE